La concentración de capitales en el Ecuador /
Analiza la concentración de la riqueza en el país y sus efectos en la economía y la sociedad. El autor muestra cómo el poder económico está altamente concentrado en pocas manos, lo que impide la movilidad social y aumenta la brecha de desigualdad. Navarro señala que la falta de regulación y la corru...
Sparad:
| Huvudupphovsman: | |
|---|---|
| Materialtyp: | Okänd |
| Språk: | Spanish |
| Publicerad: |
Ecuador :
Ediciones Solitierra
1976
|
| Upplaga: | 2° edición |
| Ämnen: | |
| Taggar: |
Lägg till en tagg
Inga taggar, Lägg till första taggen!
|
MARC
| LEADER | 00000 a2200000 04500 | ||
|---|---|---|---|
| 001 | 49014 | ||
| 003 | cru CIDCACS/IIS | ||
| 005 | 20230707100902.0 | ||
| 008 | 050529s1976 ec spa d | ||
| 040 | |c cru CIDCACS/IIS | ||
| 090 | |a 11.02.05 N322c | ||
| 100 | |a Navarro Jiménez, Guillermo | ||
| 245 | |a La concentración de capitales en el Ecuador / |c Guillermo Navarro Jiménez | ||
| 250 | |a 2° edición | ||
| 260 | |a Ecuador : |b Ediciones Solitierra |c 1976 | ||
| 300 | |a 126 páginas | ||
| 520 | |a Analiza la concentración de la riqueza en el país y sus efectos en la economía y la sociedad. El autor muestra cómo el poder económico está altamente concentrado en pocas manos, lo que impide la movilidad social y aumenta la brecha de desigualdad. Navarro señala que la falta de regulación y la corrupción son factores que contribuyen a esta situación y propone medidas para fomentar una distribución más justa de la riqueza. RAR 13/12/2022 | ||
| 650 | 0 | |9 669 |a ACUMULACION DE CAPITAL | |
| 650 | 0 | |9 1035 |a CORRUPCION | |
| 650 | 0 | |9 943 |a BURGUESIA | |
| 650 | 4 | |9 2557 |a CAPITAL | |
| 650 | 0 | |9 5213 |a REGULACIÓN | |
| 650 | 0 | |9 2565 |a DISTRIBUCION DE LA RIQUEZA | |
| 650 | 0 | |9 6349 |a PODER ECONOMICO | |
| 650 | 0 | |9 5175 |a POLITICA FISCAL | |
| 651 | 0 | |9 74 |a ECUADOR | |
| 942 | |2 ddc |c LI |h 11.02.05 N322c |i 17527 |6 110205_N322C_17527 | ||
| 999 | |c 16449 |d 16449 | ||
